النهر الجاري : (رقم التسجيلة. 30749)

تفاصيل مارك
000 -الفاتح
حقل البيانات ثابتة الطول 00664nam a22001937a 4500
003 - محدد رقم الضبط
رقم الضبط OSt
005 - وقت وتاريخ اخر تعامل مع التسجيلة
رقم الضبط 20150408114140.0
008 - عناصر البيانات ثابتة الطول - معلومات عامة
حقل البيانات ثابتة الطول 130921s 2012su ||||g |||| 00| 0 ara d
020 ## - الرقم الدولى المعيارى للكتب
الرقم الدولى المعيارى للكتاب 9789960019352
040 ## - مصدر الفهرسة
وكالة الفهرسة الأصلية Mau
082 ## - رقم تصنيف ديوى العشرى
رقم التصنيف 810.8
رقم المادة ف م ن
100 ## - المدخل الرئيسى - إسم شخصى
الإسم الشخصى الفريح، محمد بن عبد الله
9 (RLIN) 12895
245 ## - بيان العنوان
العنوان النهر الجاري :
بقية العنوان حكم وروائع من واقع الحياة /
بيان المسئوليه,etc محمد عبد الله الفريح.
250 ## - بيان الطبعة
بيان الطبعة ط. 2.
260 ## - PUBLICATION, DISTRIBUTION, ETC. (IMPRINT)
مكان الناشر او الموزع الرياض :
اسم الناشر او الموزع مكتبة العبيكان،
تاريخ النشر أو التوزيع 2012 1433.
300 ## - الوصف المادى
التعداد 320 ص. ؛
أبعاد الوعاء 22 سم.
650 ## - المدخل الاضافى بالموضوع-مصطلح موضوعى
مصطلح موضوعي أو اسم جغرافي كعنصر مدخل الأدب العربي
التقسيم الفرعي العام مجموعات
942 ## - عناصر المدخل الإضافي( كوها)
مصدر التصنيف او مخطط الترفيف Dewey Decimal Classification
Koha [default] item type كتاب
المقتنيات
حالة الفقد نموذج السعر الفعال حالة تلف ليس للاعارة رقم الطلب رقم النسخة تاريخ الاكتساب الموقع الحالي الباركود الفرع الرئيسي Date last seen نوع المادة فى نظام كوها مصدر التصنيف او خطة الترفيف Total Checkouts Date last checked out
  2013-09-21   Not For Loan 810.8 ف م ن 1 2013-09-21 المكتبة المركزية بالمجمعة (CL) 00310510 المكتبة المركزية بالمجمعة (CL) 2013-09-21 كتاب Dewey Decimal Classification    
  2013-10-01     810.8 ف م ن 2 2013-10-01 المكتبة المركزية بالمجمعة (CL) 00310511 المكتبة المركزية بالمجمعة (CL) 2016-11-24 كتاب Dewey Decimal Classification 2 2016-11-07
  2013-10-01     810.8 ف م ن 3 2013-10-01 المكتبة المركزية بالمجمعة (CL) 00310512 المكتبة المركزية بالمجمعة (CL) 2013-10-01 كتاب Dewey Decimal Classification    
  2013-10-01   Not For Loan 810.8 ف م ن 1 2013-10-01 قسم الاجراءات الفنية (IC) 00310515 قسم الاجراءات الفنية (IC) 2013-10-01 كتاب Dewey Decimal Classification    
  2013-10-01   Not For Loan 810.8 ف م ن 1 2013-10-01 قسم الاجراءات الفنية (IC) 00310520 قسم الاجراءات الفنية (IC) 2013-10-01 كتاب Dewey Decimal Classification    
  2013-10-01     810.8 ف م ن 2 2013-10-01 قسم الاجراءات الفنية (IC) 00310521 قسم الاجراءات الفنية (IC) 2013-10-01 كتاب Dewey Decimal Classification    
  2013-10-01   Not For Loan 810.8 ف م ن 1 2013-10-01 مكتبة كلية العلوم و الدراسات الإنسانية برماح - طالبات (SRF) 00310516 مكتبة كلية العلوم و الدراسات الإنسانية برماح - طالبات (SRF) 2018-09-26 كتاب Dewey Decimal Classification 3 2018-09-11
  2013-10-01     810.8 ف م ن 2 2013-10-01 مكتبة كلية العلوم و الدراسات الإنسانية برماح - طالبات (SRF) 00310517 مكتبة كلية العلوم و الدراسات الإنسانية برماح - طالبات (SRF) 2018-05-13 كتاب Dewey Decimal Classification 1 2018-04-09
  2013-10-01   Not For Loan 810.8 ف م ن 1 2013-10-01 مكتبة كلية العلوم و الدراسات الإنسانية برماح - طلاب (SRM) 00310518 مكتبة كلية العلوم و الدراسات الإنسانية برماح - طلاب (SRM) 2013-10-01 كتاب Dewey Decimal Classification    
  2013-10-01     810.8 ف م ن 2 2013-10-01 مكتبة كلية العلوم و الدراسات الإنسانية برماح - طلاب (SRM) 00310519 مكتبة كلية العلوم و الدراسات الإنسانية برماح - طلاب (SRM) 2013-10-01 كتاب Dewey Decimal Classification    
  2013-10-01   Not For Loan 810.8 ف م ن 1 2013-10-01 مكتبة مجمع الكليات بالزلفى - طلاب (SZM) 00310513 مكتبة مجمع الكليات بالزلفى - طلاب (SZM) 2013-10-01 كتاب Dewey Decimal Classification    
  2013-10-01     810.8 ف م ن 2 2013-10-01 مكتبة مجمع الكليات بالزلفى - طلاب (SZM) 00310514 مكتبة مجمع الكليات بالزلفى - طلاب (SZM) 2013-10-01 كتاب Dewey Decimal Classification